00478pam a2200157 a 4500020004400000040000800044082002700052245003900079260003500118300003900153650001000192650001700202700001800219700001700237856006600254 a0824792297 (hardcover : acidfree paper) cDLC00a582 M.DE 1995 A062 Or.00aSeed development and germination / aNew York :bM. Dekker,cc1995. axiv, 853 p. :bill., map ;c27 cm. 0aSeeds 0aGermination.1 aKigel, Jaime,1 aGalili, Gad,42uhttp://www.loc.gov/catdir/enhancements/fy0647/94024927-d.html